Statistics for Administrative Divisions along the coast - Afro-Eurasia Part 1

Click here to take the quiz!

General Stats

  • This quiz has been taken 34 times
  • The average score is 27 of 101

Answer Stats

CountryState/Province/etc% Correct
RussiaKarelia
71%
China (Sp. Adm. Region)Hong Kong
67%
China (Sp. Adm. Region)Macau
67%
RussiaMurmansk
67%
RussiaArkhangelsk
57%
RussiaSakha
57%
RussiaKamchatka
48%
NorwayNord-Norge
48%
RussiaChukotka
43%
RussiaKhabarovsk
43%
RussiaKrasnoyarsk
43%
RussiaMagadan
43%
RussiaPrimorsky
43%
ChinaShanghai
43%
South KoreaBusan
38%
ChinaFujian
38%
ChinaGuangdong
38%
ChinaGuangdong
38%
ChinaGuangxi
38%
ChinaLiaoning
38%
ChinaShandong
38%
ChinaTianjin
38%
ChinaGuangdong
33%
ChinaHebei
33%
South KoreaIncheon
33%
ChinaJiangsu
33%
RussiaNenetsia
33%
RussiaYamalia
33%
ChinaZhejiang
33%
VietnamHai Phong
29%
ChinaHebei
29%
MalaysiaJohor
29%
North KoreaRason
29%
ThailandBangkok
24%
South KoreaGangwon
24%
VietnamHo Chi Minh
24%
MalaysiaKelantan
24%
South KoreaNorth Gyeongsang
24%
MalaysiaPahang
24%
ThailandSurat Thani
24%
MalaysiaTerengganu
24%
VietnamBac Lieu
19%
VietnamBa Ria-Vung Tau
19%
VietnamBen Tre
19%
VietnamBinh Dinh
19%
VietnamBinh Thuan
19%
VietnamCa Mau
19%
ThailandChachoengsao
19%
ThailandChanthaburi
19%
ThailandChonburi
19%
ThailandChumphon
19%
VietnamDa Nang
19%
South KoreaGyeonggi
19%
VietnamHa Tinh
19%
CambodiaKampot
19%
CambodiaKampot
19%
North KoreaKangwon
19%
CambodiaKep
19%
VietnamKhanh Hoa
19%
VietnamKien Giang
19%
CambodiaKoh Kong
19%
VietnamNam Dinh
19%
ThailandNarathiwat
19%
VietnamNghe An
19%
VietnamNinh Binh
19%
VietnamNinh Thuan
19%
South KoreaNorth Jeolla
19%
ThailandPattani
19%
ThailandPhetchaburi
19%
VietnamPhu Yen
19%
ThailandPrachuap Khiri Khan
19%
CambodiaPreah Sihanouk
19%
VietnamQuang Binh
19%
VietnamQuang Nam
19%
VietnamQuang Ngai
19%
VietnamQuang Ninh
19%
VietnamQuang Tri
19%
ThailandRayong
19%
ThailandSamut Prakan
19%
ThailandSamut Sakhon
19%
ThailandSamut Songkhram
19%
VietnamSoc Trang
19%
ThailandSongkhla
19%
South KoreaSouth Chungcheong
19%
South KoreaSouth Gyeongsang
19%
South KoreaSouth Jeolla
19%
VietnamThai Binh
19%
VietnamThanh Hoa
19%
VietnamThua Thien-Hue
19%
VietnamTien Giang
19%
ThailandTrat
19%
VietnamTra Vinh
19%
South KoreaUlsan
19%
ThailandNakhon Si Tamarat
14%
North KoreaNorth Hamyong
14%
North KoreaNorth Hwanghae
14%
North KoreaNorth Pyongan
14%
North KoreaSouth Hamyong
14%
North KoreaSouth Hwanghae
14%
North KoreaSouth Pyongan
14%
North KoreaNampo
10%

Score Distribution

Percentile by Number Answered

Percent of People with Each Score

Your Score History

You have not taken this quiz